000 00506nam a2200193Ia 4500
003 OSt
005 20250908111331.0
008 221004b |||||||| |||| 00| 0 eng d
037 _cTB
040 _aCRL
_cCRL
_beng
041 _2eng
_aeng
084 _aTxM61 K2
_qCRL
100 _aRichards C. S.
_9130491
245 0 _aRepublic in a changing economic world
260 _c1962
650 _aECONOMICS
_9820152
942 _hTxM61 K2
_cTB
_2cc
_n0
999 _c1057326
_d1057326